000 00495nam a22001817a 4500
005 20251108170914.0
008 250721s1994 xx 000 0 ara d
020 _a9770246387
082 1 4 _aط/551.41/صحا
245 1 0 _aالصحارى /
264 1 _aالقاهرة :
_bدار المعارف،
_c1994.
300 _a30ص.
490 0 _aالمعارف للأولاد
650 1 7 _aالصحاري
653 _aناشئون صغار (10-14 سنة)
942 _2ddc
_cBK
999 _c51803
_d51803